00540nam a22001697a 4500003000400000005001700004008004100021017004500062020001800107040002300125100002900148245005700177260003500234300002600269600002600295650004900321OSt20190703151908.0190703e201905 sp a 000 0bcat|d aDL B 10001-2019bBiblioteca de Catalunya a9788417016920 aES-BaUBbcatcCDMR1 aFebrés, Xavierd1949-,10aJosep Pla, sis amics i una amant c/ Xavier Febrés aBarcelona :bEmpúries,c2019 a198 p. :bil ;c21 cm10aPla, Josepd1897-198107aEscriptors catalansyS. XXxBiografia2lemac